Normal view
MARC view
Entry Personal Name
001 - CONTROL NUMBER
- control field: 95277
003 - CONTROL NUMBER IDENTIFIER
- control field: OSt
005 - DATE AND TIME OF LATEST TRANSACTION
- control field: 20230429122523.0
008 - FIXED-LENGTH DATA ELEMENTS
- fixed length control field: 230429|| aca||aabn | a|a d
040 ## - CATALOGING SOURCE
- Original cataloging agency: OSt
- Transcribing agency: OSt
100 ## - HEADING--PERSONAL NAME
- Personal name: CHOUDHARY (Hira lal)
670 ## - SOURCE DATA FOUND
- Source citation: Work cat.: (OSt)161354: CHOUDHARY (Hira lal)., Upkars UGC NET/JRF/SET: english literature paper11 & 111.